[Event "FRA-ch op-A"]
[Site "Nancy"]
[Date "2013.08.16"]
[Round "5"]
[White "Dudognon, Thibault"]
[Black "Brest, Jean Francois"]
[Result "1-0"]
[WhiteElo "2001"]
[BlackElo "2079"]
[PlyCount "81"]
[EventDate "2013.08.11"]
[EventType "swiss"]
[EventRounds "11"]
[EventCountry "FRA"]
[SourceTitle "CBM 156 Extra"]
[Source "ChessBase"]
[SourceDate "2013.10.22"]
[SourceVersion "1"]
[SourceVersionDate "2013.10.22"]
[SourceQuality "1"]

1. e4 e5 2. Nf3 Nc6 3. Bb5 a6 4. Ba4 Nf6 5. 0-0 Be7 6. Re1 b5 7. Bb3 0-0 8. c3 d6 9. h3 Nb8 10. d4 Nbd7 11. Nbd2 Bb7 12. Bc2 Re8 13. Nf1 Bf8 14. Ng3 g6 15. b3 c6 16. Bg5 h6 17. Be3 Qc7 18. Qd2 Kh7 19. Nh2 h5 20. Rf1 h4 21. Ne2 exd4 22. cxd4 Nxe4 23. Bxe4 Rxe4 24. Nf3 Rc8 25. Nc3 c5 26. d5 Bg7 27. Rac1 Nb6 28. a3 Qd7 29. Nxh4 Re5 30. Nf3 Rf5 31. Ng5+ Kg8 32. g4 Rxd5 33. Nxd5 Nxd5 34. b4 Qc6 35. f3 Nxe3 36. Qxe3 Re8 37. Qf4 Qd5 38. Ne4 Qd4+ 39. Kg2 Bd5 40. Qd2 Qxd2+ 41. Nxd2 1-0

[Event "FRA-ch op-A"]
[Site "Pau"]
[Date "2012.08.22"]
[Round "8"]
[White "Brest, Jean Francois"]
[Black "Marie, Maxime"]
[Result "0-1"]
[WhiteElo "2046"]
[BlackElo "2192"]
[PlyCount "58"]
[EventDate "2012.08.14"]
[EventType "swiss"]
[EventRounds "11"]
[EventCountry "FRA"]
[SourceTitle "CBM 150 Extra"]
[Source "ChessBase"]
[SourceDate "2012.10.19"]
[SourceVersion "1"]
[SourceVersionDate "2012.10.19"]
[SourceQuality "1"]

1. d4 Nf6 2. c4 e6 3. g3 Bb4+ 4. Bd2 a5 5. Bg2 d5 6. Nf3 dxc4 7. Qc2 b5 8. a4 bxa4 9. Rxa4 Nd5 10. Ne5 Bb7 11. Nxc4 Nc6 12. e3 0-0 13. 0-0 Qd7 14. Ra1 f5 15. Rc1 g5 16. Ne5 Nxe5 17. dxe5 c5 18. e4 fxe4 19. Nc3 Rxf2 20. Kxf2 e3+ 21. Kg1 exd2 22. Qxd2 Qg7 23. Re1 Rf8 24. Qc2 c4 25. Nxd5 Bxd5 26. Re2 Qb7 27. Rc1 Bc5+ 28. Kh1 Bxg2+ 29. Rxg2 Rf2 0-1

[Event "Marseille op 4th"]
[Site "Marseille"]
[Date "2011.12.27"]
[Round "3"]
[White "Valles, Manuel"]
[Black "Brest, Jean Francois"]
[Result "1-0"]
[WhiteElo "2259"]
[BlackElo "2024"]
[PlyCount "83"]
[EventDate "2011.12.26"]
[EventType "swiss"]
[EventRounds "9"]
[EventCountry "FRA"]
[SourceTitle "CBM 146 Extra"]
[Source "ChessBase"]
[SourceDate "2012.02.29"]
[SourceVersion "1"]
[SourceVersionDate "2012.02.29"]
[SourceQuality "1"]

1. d4 d5 2. c4 c6 3. e3 Bf5 4. Nf3 Nf6 5. Nc3 e6 6. Be2 Bd6 7. Nh4 Bg6 8. Bd2 Nbd7 9. Qb3 Qc7 10. Rc1 Qb8 11. Nxg6 hxg6 12. g3 dxc4 13. Qxc4 e5 14. 0-0 g5 15. Rfd1 Kf8 16. Qb3 Nb6 17. dxe5 Bxe5 18. e4 Qc8 19. Bf1 Qg4 20. Bg2 g6 21. Be3 Kg7 22. Bd4 Nbd7 23. Qxb7 Rab8 24. Qxc6 Rxb2 25. Nd5 Bxd4 26. Rxd4 Qe2 27. Rf1 Ng4 28. Nc3 Qc2 29. Rxd7 Nxf2 30. Rxf7+ Kxf7 31. Qd5+ Kg7 32. Qd4+ Kg8 33. Rxf2 Qxf2+ 34. Qxf2 Rxf2 35. Kxf2 Rxh2 36. Nb5 Rh7 37. Ke3 Rb7 38. Bf1 Kg7 39. e5 a6 40. Nc3 a5 41. Bc4 Rb2 42. Ne4 1-0

[Event "FRA-ch U16"]
[Site "Troyes"]
[Date "2010.04.13"]
[Round "4"]
[White "Brest, Jean Francois"]
[Black "Domenech, Vianney"]
[Result "0-1"]
[WhiteElo "1924"]
[BlackElo "2050"]
[PlyCount "200"]
[EventDate "2010.04.11"]
[EventType "swiss"]
[EventRounds "9"]
[EventCountry "FRA"]
[SourceTitle "EXT 2012"]
[Source "ChessBase"]
[SourceDate "2011.11.24"]
[SourceVersion "1"]
[SourceVersionDate "2011.11.24"]
[SourceQuality "1"]

1. e4 d5 2. exd5 Qxd5 3. Nf3 Bg4 4. Be2 Nc6 5. d4 0-0-0 6. Be3 Nh6 7. c4 Qa5+ 8. Bd2 Qf5 9. Bc3 Bxf3 10. Bxf3 Nxd4 11. Bxd4 Qe6+ 12. Qe2 Qxe2+ 13. Bxe2 Rxd4 14. Nc3 c6 15. Rd1 Rxd1+ 16. Kxd1 e5 17. Kc2 Kc7 18. Rd1 Nf5 19. Bd3 Nd4+ 20. Kb1 g6 21. Ne2 Ne6 22. h4 h5 23. Ng1 Nf4 24. Bf1 Bc5 25. g3 Bxf2 26. gxf4 Bxg1 27. Bh3 Bf2 28. Rd7+ Kb6 29. fxe5 Rf8 30. Kc2 Bxh4 31. b4 a6 32. Bg2 a5 33. c5+ Ka6 34. Bf1+ Ka7 35. bxa5 Kb8 36. a6 bxa6 37. Bxa6 Bf2 38. Rb7+ Ka8 39. Rd7 Bxc5 40. Bb7+ Ka7 41. Bxc6+ Kb6 42. Bd5 g5 43. Rb7+ Ka6 44. Rxf7 Rd8 45. Bc4+ Kb6 46. e6 g4 47. Rg7 Rd4 48. Bd3 Rd5 49. Rg6 Re5 50. e7+ Kc7 51. e8Q Rxe8 52. Rg5 Bf2 53. Rxh5 Rg8 54. Rh7+ Kd6 55. Rh5 g3 56. Be4 g2 57. Bxg2 Rxg2 58. Kd3 Bc5 59. Rh6+ Kd5 60. Rh5+ Kc6 61. Kc4 Rg4+ 62. Kc3 Ra4 63. Kb2 Kb5 64. Kb3 Ra3+ 65. Kb2 Rg3 66. Rd5 Kc4 67. Rd2 Bd4+ 68. Kc2 Rg1 69. Rd1 Rg7 70. Kd2 Rg2+ 71. Ke1 Rxa2 72. Kf1 Rh2 73. Ke1 Kd5 74. Rd3 Ke4 75. Rb3 Be3 76. Kd1 Rd2+ 77. Kc1 Ra2+ 78. Kb1 Rg2 79. Rb2 Rg1+ 80. Ka2 Bd4 81. Rc2 Kd3 82. Rc8 Bc3 83. Kb3 Rb1+ 84. Ka4 Rb4+ 85. Ka3 Kc2 86. Ra8 Rb5 87. Ra6 Rb1 88. Ka4 Kd3 89. Rc6 Bd4 90. Ka5 Ke4 91. Ka6 Kd5 92. Rc8 Bc5 93. Ka5 Rb6 94. Ra8 Kc4 95. Rc8 Rb7 96. Ra8 Rb6 97. Rc8 Rd6 98. Ra8 Bb4+ 99. Ka4 Rd3 100. Rc8+ Bc5 0-1

[Event "Marseille op 2nd "]
[Site "Marseille"]
[Date "2009.12.29"]
[Round "7"]
[White "Brest, Jean Francois"]
[Black "Teychene, Jean Louis"]
[Result "1-0"]
[WhiteElo "1839"]
[BlackElo "1962"]
[PlyCount "105"]
[EventDate "2009.12.26"]
[EventType "swiss"]
[EventRounds "9"]
[EventCountry "FRA"]
[SourceTitle "CBM 134 Extra"]
[Source "ChessBase"]
[SourceDate "2010.03.03"]
[SourceVersion "1"]
[SourceVersionDate "2010.03.03"]
[SourceQuality "1"]

1. e4 e5 2. Nf3 Nf6 3. Nxe5 d6 4. Nf3 Nxe4 5. Nc3 Nxc3 6. dxc3 Be7 7. Be3 Nc6 8. Qd2 Be6 9. Bd3 Qd7 10. Nd4 Nxd4 11. Bxd4 f6 12. Qe2 a6 13. c4 0-0-0 14. b4 c5 15. Be3 Bf5 16. b5 Bxd3 17. Qxd3 a5 18. Qd5 Rhe8 19. 0-0 Bf8 20. b6 Re5 21. Qd2 Qa4 22. Rab1 d5 23. Rfd1 Be7 24. Bf4 dxc4 25. Qc3 Red5 26. Qh3+ f5 27. Rxd5 Rxd5 28. Qxh7 Qd7 29. Qg8+ Bd8 30. h3 Rd4 31. Be5 Re4 32. Qxg7 Qxg7 33. Bxg7 Re6 34. f4 Bxb6 35. Be5 Bc7 36. Bxc7 Kxc7 37. Kf2 Kc6 38. a4 c3 39. Kf3 Re4 40. Ra1 Rd4 41. g4 fxg4+ 42. hxg4 Kd6 43. g5 Ke6 44. Kg4 Kf7 45. Kf5 Rd5+ 46. Ke4 Rd4+ 47. Ke5 Rd2 48. Rb1 Re2+ 49. Kf5 Re7 50. g6+ Kg7 51. Kg5 Rd7 52. f5 Kg8 53. f6 1-0

[Event "Marseille op 2nd "]
[Site "Marseille"]
[Date "2009.12.28"]
[Round "5"]
[White "Brest, Jean Francois"]
[Black "Desmas, William"]
[Result "1-0"]
[WhiteElo "1839"]
[BlackElo "1674"]
[PlyCount "99"]
[EventDate "2009.12.26"]
[EventType "swiss"]
[EventRounds "9"]
[EventCountry "FRA"]
[SourceTitle "CBM 134 Extra"]
[Source "ChessBase"]
[SourceDate "2010.03.03"]
[SourceVersion "1"]
[SourceVersionDate "2010.03.03"]
[SourceQuality "1"]

1. e4 e5 2. Nf3 Nc6 3. Bb5 a6 4. Ba4 Nf6 5. 0-0 b5 6. Bb3 Be7 7. Re1 0-0 8. c3 d6 9. h3 Na5 10. Bc2 c5 11. d4 Qc7 12. Nbd2 cxd4 13. cxd4 Nc6 14. Nb3 a5 15. Be3 a4 16. Nbd2 Bd7 17. Rc1 Qb7 18. Qe2 Rfe8 19. Bd3 Rab8 20. dxe5 Nxe5 21. Nxe5 dxe5 22. Bc5 Bc6 23. Bxe7 Rxe7 24. Nf1 Rd8 25. Bb1 Re6 26. Rc3 Red6 27. Rd3 Rd4 28. Rxd4 Rxd4 29. Rd1 Bxe4 30. Bxe4 Nxe4 31. Rxd4 exd4 32. Ng3 Nf6 33. Nf5 h6 34. Nxd4 b4 35. Qc4 Ne8 36. Nc2 b3 37. axb3 Qxb3 38. Qxb3 axb3 39. Ne3 Kf8 40. Kf1 Ke7 41. Ke2 Kd6 42. Kd3 Kc5 43. Kc3 Nd6 44. Kxb3 f5 45. Kc3 f4 46. Nd1 Kd5 47. Kd3 g5 48. Nc3+ Ke5 49. b4 h5 50. b5 1-0

[Event "Marseille op 2nd "]
[Site "Marseille"]
[Date "2009.12.26"]
[Round "1"]
[White "Brest, Jean Francois"]
[Black "Mohammed, Gibran"]
[Result "1-0"]
[WhiteElo "1839"]
[BlackElo "1210"]
[PlyCount "35"]
[EventDate "2009.12.26"]
[EventType "swiss"]
[EventRounds "9"]
[EventCountry "FRA"]
[SourceTitle "CBM 134 Extra"]
[Source "ChessBase"]
[SourceDate "2010.03.03"]
[SourceVersion "1"]
[SourceVersionDate "2010.03.03"]
[SourceQuality "1"]

1. e4 e5 2. Nf3 Nc6 3. Bb5 d6 4. d4 exd4 5. Nxd4 Bd7 6. Nc3 Nxd4 7. Bxd7+ Qxd7 8. Qxd4 0-0-0 9. Qxa7 Qe6 10. Be3 Qg6 11. Qa8+ Kd7 12. Qxb7 Qxg2 13. 0-0-0 Nf6 14. Nd5 Nxe4 15. Qxc7+ Ke8 16. a4 Nxf2 17. Bxf2 Qxf2 18. Rhe1+ 1-0